000 00858nam a22002297a 4500
005 20150401160225.0
010 _aB-593934
020 _c310.00
_a9789380674575
035 _aB-593934
037 _bUBH
082 _a658.8
100 _aChhabra, T. N.
245 _aPrinciples of marketing/
_cby T. N. Chhabra
250 _a3rd rev. ed
260 _aNew Delhi
_bSun India Publications
_c2014
270 _a4382/4B, Ist floor, Murari Lal Street, Ansari Road
_bNew Delhi
_e110002
300 _avp.
_c24cm(pbk)
500 _aIncludes index
500 _aFor November 2014 exam. of B.Com(Hons.), Sem-III of University of Delhi)
942 _2ddc
_cEN
_mCHH
_h658.8
999 _c92689
_d92689